| 000 | 00715nam a2200217Ia 4500 | ||
|---|---|---|---|
| 001 | 11322 | ||
| 003 | GE_BSU | ||
| 008 | 181216s||||||||xx |||||||||||||| ||und|| | ||
| 040 | _cGE_BSU | ||
| 080 | _a638.1(075.8) | ||
| 100 | _aფრანგულაშვილი ვ.ს. | ||
| 245 | _aმეფუტკრეობის პრაქტიკუმი | ||
| 245 | _cრედ: ს. ჟღენტი | ||
| 260 | _aთბილისი | ||
| 260 | _bსაქ–ს სას–სამ. ინ–ტის გამ–ბა | ||
| 260 | _c1959 | ||
| 300 | _a137გვ.21სმ. | ||
| 300 | _eცხრ. | ||
| 653 | _aმეფუტკრეობის პრაქტიკუმი | ||
| 942 | _cBK | ||
| 999 |
_c44519 _d44519 |
||